Регионална библиотека "Любен Каравелов" - Русе

Ръководство за резитба на лозата (Запис номер 57029)

MARC детайли
000 -Лидер
Контролно поле с фиксирана дължина nam a22 a 4500
003 - Код на организацията, давaща контролен номер
Контролно поле BLK
005 - Дата и час на последна редакция
Контролно поле 20220617124651.0
008 - Елементи от данни с фиксирана дължина
fixed length control field 180408b bul|||||r ||||||| ||bul||
010 ## - Наследен системен номер
LC control number KNG00061017000
040 ## - Източник на каталожния запис
Идентификатор на билиотеката - собственик на записа BLK
041 ## - Код за език
Код за езика на текст/звукозапис или на отделно заглавие Български
Код за езика КДБФ Български
080 ## - УДК
Текстов определител УДК Отглеждане на лозите. Резитба
УДК код - определител по УДК 634.8:631.54
УДК определител (035)
УДК - код + определител 634.8:631.54(035)
100 1# - Редна дума - Автор
Автор Куртев, Пеню Т.
Авторска отговорност първи автор
R(LIN) 287289
139 ## - Редно поле
Редна дума Куртев, Пеню Т. и др.
Авторски знак Куп - К 94
245 10 - Сведения за заглавието
Заглавие Ръководство за резитба на лозата
Редно поле (дума) Пеню Куртев; съавт. Богдан Цанков, Любомир Радулов.
250 ## - Област на изданието
Сведения за изданието 2. изд.
257 ## - Страна на издаване
Страна на създаване/издаване България
260 ## - Област на издателските данни
Място на издаване, разпространение и проч. Пловдив
Име на издателя, разпространителя и проч. Христо Г. Данов
Година на издаване 1969
300 ## - Физическа характеристика
Страници 212 с.
Размери/Мащаб 20 см
380 ## - Жанр
Жанр Селско стопанство
650 #4 - Допълнително описание по предмет – тема
Основно описание – тема или топоним Лозарство - наръчници и ръководства
9 (RLIN) 267356
653 ## - Ключова дума – ненормативна
Ключова дума лозарство
653 ## - Ключова дума – ненормативна
Ключова дума ръководства
700 1# - Други автори (авторска отговорност)
Лично име Цанков, Богдан
Автороска отговорност (Описва отношението между автора и произведението) съавт.
9 (RLIN) 287290
700 1# - Други автори (авторска отговорност)
Лично име Радулов, Любомир
Автороска отговорност (Описва отношението между автора и произведението) съавт.
9 (RLIN) 369419
852 ## - Местоположение
Форматна сигнатура Цб 48922
856 4# - Електронен адрес и достъп
Електронен формат pdf - файл
856 4# - Електронен адрес и достъп
Електронен формат pdf - файл
999 ## - СИСТЕМНИ КОНТРОЛНИ НОМЕРА
Koha biblionumber 57029
Koha biblioitemnumber 57029
942 ## - АРТИКУЛИ
Вид на библиотечния материал Книги
Скрит в OPAC Не
Периодичен библиозапис Да
944 ## - СЪЗДАВАНЕ И РЕДАКЦИЯ на ЗАПИСА
Създаване/Редакция Създаване
Дата на регистрацията/редакция 13.06.2004
Служител, извършил регистрацията/редакцията Читалня
944 ## - СЪЗДАВАНЕ И РЕДАКЦИЯ на ЗАПИСА
Създаване/Редакция Редакция
Дата на регистрацията/редакция 2022-06-17
Служител, извършил регистрацията/редакцията ир
999 ## - СИСТЕМНИ КОНТРОЛНИ НОМЕРА
Koha biblioitemnumber 57029
Наличности
Код за отписване Код за изгубен артикул Източник на класификационната схема Код за повреда Коз за рестрикции Код за отдаване Артикулен № Име на библиотеката - собственик Име на библиотеката, в която се намира в момента Статус (Текущо местоположение) Дата на вписване в системата Местоположение - отдел Цена в лева Инвентарен номер Систематично азбучна сигнатура Баркод Номер на екземпляра Цена в евро Служебна бележка Служебен тип на артикула Бележка за публиката
Изтеглен Не е изгубен Universal Decimal Classification Не е повреден без рестрикции ползва се в читалня 91612 Регионална библиотека "Любен Каравелов" Русе Регионална библиотека "Любен Каравелов" Русе Читалня 1993-01-01 Читалня 0.98 52369 Ч 634.8/К 94 52369 1 0.50 Дата инв: 20.03.2017 Бележки инв: Ч2017 Книги  
Изтеглен Не е изгубен   Не е повреден без рестрикции заемане за дома 91613 Регионална библиотека "Любен Каравелов" Русе Регионална библиотека "Любен Каравелов" Русе   1969-01-01 Заемна - подръчен фонд 0.98 52368 П 634.8/К 94 52368 2 0.50 N: стар фонд Дата: 01.01.1969 Книги Отч.N: 19/2018 , Дата: 22.03.2018
Изтеглен Не е изгубен   Не е повреден без рестрикции заемане за дома 91614 Регионална библиотека "Любен Каравелов" Русе Регионална библиотека "Любен Каравелов" Русе   1969-01-01 Заемна - подръчен фонд 0.98 52367 П 634.8/К 94 52367 3 0.50 N: стар фонд Дата: 01.01.1969 Книги Отч.N: 19/2018 , Дата: 22.03.2018
Изтеглен Не е изгубен   Не е повреден без рестрикции заемане за дома 91615 Регионална библиотека "Любен Каравелов" Русе Регионална библиотека "Любен Каравелов" Русе   1969-01-01 Заемна - подръчен фонд 0.98 52366 П 634.8/К 94 52366 4 0.50 N: стар фонд Дата: 01.01.1969 Книги Отч.N: 19/2018 , Дата: 22.03.2018
Изтеглен Не е изгубен   Не е повреден без рестрикции заемане за дома 91616 Регионална библиотека "Любен Каравелов" Русе Регионална библиотека "Любен Каравелов" Русе   1969-01-01 Заемна - подръчен фонд 0.98 52365 П 634.8/К 94 52365 5 0.50 N: стар фонд Дата: 01.01.1969 Книги Отч.N: 19/2018 , Дата: 22.03.2018
  Не е изгубен Universal Decimal Classification Не е повреден само за читалня ползва се в читалня 91617 Регионална библиотека "Любен Каравелов" Русе Регионална библиотека "Любен Каравелов" Русе Хранилище 1969-01-01 Хранилище 0.98 51999 Цб 48922 120000051999 6 0.50 Дост: Dp Вид: Д N: стар фонд Дата: 01.01.1969 Книги  
Vip Innovations Ltd, Rousse, Bulgaria 2025